000
00320nam a22001457a 4500
003
SGT
020
_a
9789348565174
082
_a
615.32
_b
JAI
100
_a
JAIN SHWETA
245
_a
A TEXTBOOK OF PHARMACOGNOSY - I
260
_a
INDIA
_b
IP PUB
_c
2025
300
_a
168
650
_a
PHARMACOGNOSY
942
_2
ddc
_c
BK
999
_c
34231
_d
34231